| 000 | 00814cam a2200265 i 4500 | ||
|---|---|---|---|
| 999 |
_c200446931 _d65143 |
||
| 003 | TR-AnTOB | ||
| 005 | 20220630101158.0 | ||
| 007 | ta | ||
| 008 | 220201b2002 d 000 0 tur d | ||
| 040 |
_aTR-AnTOB _beng _erda _cTR-AnTOB _dTR-AnTOB |
||
| 041 | _atur | ||
| 050 | 4 |
_bHE8346.5 _a.İ8 2002 |
|
| 090 |
_aHE8346.5 _b.İ8 2002 |
||
| 245 | 1 | 0 |
_aİş planı 2002 = _bWork plan 2002 / _cTelekomünikasyon Kurumu. |
| 264 | 1 |
_a[İstanbul] : _bTelekomünikasyon Kurumu, _c2002. |
|
| 300 |
_a69 pages ; _c30 cm |
||
| 336 |
_2rdacontent _atext _btxt |
||
| 337 |
_2rdamedia _aunmediated _bn |
||
| 338 |
_2rdacarrier _avolume _bnc |
||
| 650 | 7 |
_aTelekomünikasyon _zTürkiye _920258 |
|
| 653 | _aıletişim-Telekomünikasyon Kurumu 384 | ||
| 942 |
_2lcc _cBK |
||